| 000 | 00801cab a22001935a 4500 | ||
|---|---|---|---|
| 001 | L147449 | ||
| 008 | 090512e20090508xxko f 000 0 eng d | ||
| 035 | _a(Sirsi) u147449 | ||
| 041 | 0 | _aeng | |
| 100 | 1 | _aWatson, Stuart | |
| 245 | 0 | 0 |
_aRegional report _bEast Midlands |
| 260 | _c2009 | ||
| 490 | 0 |
_aProperty Week _v75(19) 8 May 2009, 51-60(6) |
|
| 520 | _aReports on news and deals from around the region. Highlights Peel Group's mixed-used scheme in Nottingham city centre, Rugby Radio Station as an example of new development in the region's shed market, and follows the fortunes of Highcross Leicester shopping centre since its opening in late 2008. | ||
| 590 | _aKA | ||
| 651 | 4 | _aEast Midlands (England) | |
| 690 | _aPROPERTY-COMMERCIAL PROPERTY-COMMERCIAL PROPERTY MARKET | ||
| 942 | _n0 | ||
| 999 |
_c81541 _d81541 |
||